| 000 | 00995cam a22002895a 4500 | ||
|---|---|---|---|
| 001 | 18129011 | ||
| 005 | 20201128023632.0 | ||
| 008 | 140425s2014 enka frbd 001 0 eng d | ||
| 010 | _a 2013387291 | ||
| 020 | _a9780230301832 (pbk.) | ||
| 040 |
_aDLC _beng _cDLC _dEG-ScBUE |
||
| 082 | 0 | 4 |
_222 _a650.072 _bCOL |
| 100 | 1 |
_aCollis, Jill. _91512 |
|
| 245 | 1 | 0 |
_aBusiness research : _ba practical guide for undergraduate & postgraduate students / _cJill Collis & Roger Hussey. |
| 246 | 3 |
_aBusiness research : _ba practical guide for undergraduate and postgraduate students |
|
| 250 | _a4th ed. | ||
| 260 |
_aBasingstoke : _bPalgrave Macmllan, _c2014. |
||
| 300 |
_axxiii, 351 p. : _bill. ; _c24 cm. |
||
| 500 | _aGlossary : p. 340-345. | ||
| 500 | _aIndex : p. 347-351. | ||
| 504 | _aIncludes bibliographical references. | ||
| 650 | 7 |
_aBusiness _xResearch _xMethodology. _2BUEsh _91465 |
|
| 651 | _2BUEsh | ||
| 653 |
_bBUSADM _cFebruary2016 |
||
| 700 |
_aHussey, Roger. _91342 |
||
| 942 | _2ddc | ||
| 999 |
_c21141 _d21113 |
||